• 首页
  • 本馆介绍
  • 公告通知
  • 最新文献
  • 馆藏检索
  • 电子资源
  • 读者导购
  • 参考咨询
  • 我的图书馆
  • 登录
  • 详细信息显示
  • 放入我的书架
  • 预约/预借图书
  • 作者相关作品
  • 分类相关作品
  • 丛书相关作品
  • 出版社相关作品

书目信息

  • 表格格式
  • 工作单格式
  • 卡片格式
题名:
铣工技术
    
 
作者: ;《铣工技术》编写组 编
分册:  
出版信息: 北京   国防工业出版社  1973
页数: 383页
开本: 19cm
丛书名:
单 册:
中图分类: TG54
科图分类:
主题词: 铣削 , 铣床
电子资源:
ISBN:
000 00663nam0 2200241 45
001 0189020654
005 20060429104321.18
010    @dCNY0.75
020    @aCN@b89020654
100    @a19910905d1973 m y0chiy0120 ea
101 0  @achi
102    @aCN@b110000
105    @ay j 000yy
200 10 @a铣工技术@Axi gong ji shu@f《铣工技术》编写组编@F《xi gong ji shu》bian xie zu bian
210    @a北京@c国防工业出版社@d1973
215    @a383页@d19cm
300    @a工人普及读物
606 0  @a铣削
606 0  @a铣床
690    @aTG54@v4
711  0 @a《铣工技术》编写组@A《xi gong ji shu》bian xie zu@4编
801  0 @aCN@bTSSF@c20060429
905    @a10447@dTG54@e9
    
    铣工技术/《铣工技术》编写组编.-北京:国防工业出版社,1973
    383页;19cm
    工人普及读物
    
    ISBN :CNY0.75
    
●
相关链接 在E读中查询图书 在五车中查询图书 在当当中查询图书 在豆瓣中查询图书


正题名:铣工技术     索取号:TG54/9         预约/预借

序号 登录号 条形码 馆藏地/架位号 状态 备注
1 0016944   202303998   密集书库/ [索取号:TG54/9] 在馆    
2 0016945   202303989   密集书库/ [索取号:TG54/9] 在馆    
唐山师范学院图书馆 欢迎您!
大连网信软件有限公司© 版权所有